<?xml version="1.0" encoding="UTF-8"?>
<record
    xmlns:xsi="http://www.w3.org/2001/XMLSchema-instance"
    xsi:schemaLocation="http://www.loc.gov/MARC21/slim http://www.loc.gov/standards/marcxml/schema/MARC21slim.xsd"
    xmlns="http://www.loc.gov/MARC21/slim">

  <leader>01466nam a22002177a 4500</leader>
  <controlfield tag="005">20260129164037.0</controlfield>
  <controlfield tag="008">230209b           ||||| |||| 00| 0 eng d</controlfield>
  <datafield tag="020" ind1=" " ind2=" ">
    <subfield code="a">9788175993440</subfield>
  </datafield>
  <datafield tag="040" ind1=" " ind2=" ">
    <subfield code="c">AL</subfield>
  </datafield>
  <datafield tag="041" ind1=" " ind2=" ">
    <subfield code="a">English</subfield>
  </datafield>
  <datafield tag="082" ind1=" " ind2=" ">
    <subfield code="2">23</subfield>
    <subfield code="a">823.914</subfield>
    <subfield code="b">HOMI</subfield>
  </datafield>
  <datafield tag="100" ind1=" " ind2=" ">
    <subfield code="a">Homer</subfield>
    <subfield code="9">253212</subfield>
  </datafield>
  <datafield tag="245" ind1=" " ind2=" ">
    <subfield code="a">Iliad</subfield>
  </datafield>
  <datafield tag="260" ind1=" " ind2=" ">
    <subfield code="a">New Delhi</subfield>
    <subfield code="b">Fingerprint Classics</subfield>
    <subfield code="c">2022</subfield>
  </datafield>
  <datafield tag="300" ind1=" " ind2=" ">
    <subfield code="a">352 p.</subfield>
    <subfield code="b">PB</subfield>
    <subfield code="c">19.7x13 cm.</subfield>
  </datafield>
  <datafield tag="365" ind1=" " ind2=" ">
    <subfield code="a">7572</subfield>
    <subfield code="b">&#x20B9;199.00</subfield>
    <subfield code="c">&#x20B9;</subfield>
    <subfield code="d">&#x20B9;249.00</subfield>
    <subfield code="e">20%</subfield>
    <subfield code="f">01-02-2023</subfield>
  </datafield>
  <datafield tag="520" ind1=" " ind2=" ">
    <subfield code="a">&#x201C;Let me not then die ingloriously and without a struggle, but let me first do some great thing that shall be told among men hereafter.&#x201D;
In the final year of the siege of Troy, Chryses tries to ransom his daughter, Chrysies, who is held a captive by the Achaean leader, Agamemnon. as Agamemnon refuses to release her, Chryses beseeches Apollo, who inflicts plague on the Achaeans. When Achille, the Myrmidons leader, calls upon a council to discover the cause of the plague, Agamemnon is compelled to send her back. 
 What happens as Agamemnon demands for Briseis, Achille&#x2019;s captive; and enraged, Achilles refuses to the fight the war?With twenty-four thrilling books which celebrate and glorify war, Homer&#x2019;s the Iliad is an exquisite composition. Considered to be one of the most influential works of the Western Canon, it is among the oldest extant works of Western literature.</subfield>
  </datafield>
  <datafield tag="650" ind1=" " ind2=" ">
    <subfield code="a">English Fiction</subfield>
    <subfield code="9">71523</subfield>
  </datafield>
  <datafield tag="700" ind1=" " ind2=" ">
    <subfield code="a">Butler, Samuel Tr</subfield>
    <subfield code="9">71525</subfield>
  </datafield>
  <datafield tag="942" ind1=" " ind2=" ">
    <subfield code="2">ddc</subfield>
    <subfield code="c">BK</subfield>
  </datafield>
  <datafield tag="999" ind1=" " ind2=" ">
    <subfield code="c">226622</subfield>
    <subfield code="d">226622</subfield>
  </datafield>
  <datafield tag="952" ind1=" " ind2=" ">
    <subfield code="0">0</subfield>
    <subfield code="1">0</subfield>
    <subfield code="2">ddc</subfield>
    <subfield code="4">0</subfield>
    <subfield code="7">0</subfield>
    <subfield code="8">OTH</subfield>
    <subfield code="a">AL</subfield>
    <subfield code="b">AL</subfield>
    <subfield code="d">2023-02-07</subfield>
    <subfield code="e">Biblios Book Point Surathkal Mangalore 575014</subfield>
    <subfield code="g">199.00</subfield>
    <subfield code="l">6</subfield>
    <subfield code="m">1</subfield>
    <subfield code="o">823.914 HOMI</subfield>
    <subfield code="p">076386</subfield>
    <subfield code="r">2026-02-05 14:41:19</subfield>
    <subfield code="s">2026-01-20</subfield>
    <subfield code="v">249.00</subfield>
    <subfield code="w">2023-02-09</subfield>
    <subfield code="y">BK</subfield>
  </datafield>
</record>
